Avances en maduración y post-recolección de frutas y hortalizas
Na minha lista:
| Autor principal: | |
|---|---|
| Outros Autores: | , |
| Formato: | Livro |
| Idioma: | espanhol |
| Publicado em: |
Zaragoza
Acribia
2008
|
| Assuntos: | |
| Tags: |
Adicionar Tag
Sem tags, seja o primeiro a adicionar uma tag!
|
MARC
| LEADER | 00000cam a2200000 a 4500 | ||
|---|---|---|---|
| 001 | UCF5018 | ||
| 003 | CL-VaPUC | ||
| 005 | 20230428074339.0 | ||
| 008 | 130110e20080000SP |||||||||||||||||spa|d | ||
| 999 | |c 350653 |d 350651 | ||
| 020 | |a 9788420011110 | ||
| 040 | |c Pontificia Universidad Católica de Valparaíso | ||
| 082 | 0 | 4 | |a 634.04 |b ORI |2 21 |
| 100 | |a Oria Almudí, Rosa Pilar |e editora |9 566735 | ||
| 245 | 1 | 0 | |a Avances en maduración y post-recolección de frutas y hortalizas |
| 260 | |a Zaragoza |b Acribia |c 2008 | ||
| 300 | |a 737 p | ||
| 583 | |a last modification |c 20190801 08:42:19 |k Rodrigo Vera | ||
| 650 | 0 | |a Fruticultura |9 259678 | |
| 650 | 0 | |a Postcosecha |9 325633 | |
| 650 | 0 | |a Cultivos |9 264356 | |
| 650 | 0 | |a Frutas |9 259500 | |
| 650 | 0 | |a Hortalizas |9 259501 | |
| 700 | 0 | |a Val Falcón, Jesús |e editor |9 878087 | |
| 700 | 0 | |a Ferrer Mairal, Ana |e editora |9 878088 | |
| 942 | |c BK |2 ddc | ||
| 945 | |d 20130110 00:00:00 |a dcastane | ||
| 952 | |0 0 |1 0 |4 0 |6 634_040000000000000_ORI_2008 |7 0 |8 A |9 454204 |a BIBAGR |b BIBAGR |d 2019-11-22 |i 494254K |o 634.04 ORI 2008 |p 494254K |r 2025-01-20 |w 2019-11-22 |y BK |k AGR | ||